Die Technik des Giro-Verkehrs

Gespeichert in:
Bibliographische Detailangaben
Format: Buch
Sprache:Deutsch
Veröffentlicht: Wien A. Hölder 1896
Tags: Tag hinzufügen
Keine Tags, Fügen Sie das erste Tag hinzu!

MARC

LEADER 00000nam a2200000 4500
001 0307425
005 20250303095947.2
041 0 |a ger 
044 |a AT 
245 1 0 |a Die Technik des Giro-Verkehrs  |c Isidor Kanitz 
264 1 |a Wien  |b A. Hölder  |c 1896